[Event "?"]
[Site "?"]
[Date "2011.06.02"]
[Round "2.2"]
[White "Korneev, Oleg"]
[Black "Dorst, Johannes"]
[Result "1-0"]
[WhiteElo "2573"]
[BlackElo "2162"]
[PlyCount "83"]
[EventDate "2011.??.??"]
[BlackTeam "SK Marburg 1931/72"]

1. e4 e5 2. Nf3 Nc6 3. Bb5 a6 4. Ba4 Nf6 5. O-O Be7 6. Re1 b5 7. Bb3 O-O 8. h3
d6 9. c3 Na5 10. Bc2 c5 11. d4 Qc7 12. d5 Bd7 13. b3 Nb7 14. Be3 a5 15. a4 bxa4
16. bxa4 c4 17. Nfd2 Nc5 18. Qe2 Rfc8 19. Qxc4 Qb7 20. Qa2 Rab8 21. Bxc5 Rxc5
22. Nb3 Rc7 23. Nxa5 Qa6 24. Nc6 Bxc6 25. dxc6 Qxc6 26. Bb3 Rcb7 27. Bxf7+ Kf8
28. Bd5 Nxd5 29. Qxd5 Qxd5 30. exd5 Rb2 31. Na3 Rd2 32. c4 Rbb2 33. c5 Rxf2 34.
Rf1 Rxf1+ 35. Rxf1+ Ke8 36. c6 Ra2 37. Nb5 Rxa4 38. Nc7+ Kd8 39. Ne6+ Ke8 40.
Nxg7+ Kd8 41. Ne6+ Ke8 42. Rb1 1-0

[Event "?"]
[Site "?"]
[Date "2011.06.02"]
[Round "2.3"]
[White "Montigel, Philipp"]
[Black "Ikonnikov, Viacheslav"]
[Result "0-1"]
[WhiteElo "2176"]
[BlackElo "2557"]
[PlyCount "64"]
[EventDate "2011.??.??"]
[WhiteTeam "SV Stuttgart-Wolfbusch 1956 e.V."]
[BlackTeam "SK 1879 HD-Handschuhsheim"]

1. f4 Nf6 2. Nf3 g6 3. g3 Bg7 4. Bg2 O-O 5. O-O d5 6. d3 Nc6 7. c3 Bg4 8. Nbd2
Qc8 9. Ne5 Nxe5 10. fxe5 Nd7 11. d4 Nb6 12. Qe1 c5 13. e4 cxd4 14. cxd4 Bh3 15.
Bxh3 Qxh3 16. exd5 Qd7 17. Nb3 Qxd5 18. Bg5 f6 19. Bf4 Nc4 20. Qb4 g5 21. Bd2
a5 22. Qxe7 Nxd2 23. Nxd2 Qxd4+ 24. Rf2 fxe5 25. Raf1 Rxf2 26. Rxf2 Rf8 27. Ne4
Qxe4 28. Qe6+ Kh8 29. Rxf8+ Bxf8 30. Qf6+ Kg8 31. Qxg5+ Kf7 32. Qh5+ Ke7 0-1

[Event "?"]
[Site "?"]
[Date "2011.06.02"]
[Round "2.4"]
[White "Teske, Henrik"]
[Black "Demel, Paul"]
[Result "1-0"]
[WhiteElo "2534"]
[BlackElo "2140"]
[PlyCount "53"]
[EventDate "2011.??.??"]
[WhiteTeam "SC 1950 Remagen"]
[BlackTeam "SK Kriegshaber"]

1. d4 Nf6 2. c4 g6 3. g3 Bg7 4. Bg2 O-O 5. Nc3 d6 6. Nf3 Nc6 7. O-O a6 8. Qd3
Bd7 9. e4 e5 10. d5 Na7 11. Be3 Qb8 12. b4 Rc8 13. Rfd1 Ne8 14. Rac1 c5 15.
dxc6 bxc6 16. a3 Rd8 17. c5 Nc8 18. cxd6 Ncxd6 19. Na4 Be6 20. Nb6 Nb5 21. Qf1
Rxd1 22. Qxd1 Ra7 23. a4 Nbd6 24. Ng5 Ba2 25. Qc2 h6 26. Qxa2 hxg5 27. Rxc6 1-0

[Event "?"]
[Site "?"]
[Date "2011.06.02"]
[Round "2.5"]
[White "Weidel, Albrecht"]
[Black "Lobzhanidze, Davit"]
[Result "0-1"]
[WhiteElo "2154"]
[BlackElo "2474"]
[PlyCount "60"]
[EventDate "2011.??.??"]
[WhiteTeam "SAbt TG Biberach"]
[BlackTeam "SV 1920 Hofheim"]

1. Nf3 Nf6 2. d4 e6 3. c4 Bb4+ 4. Nc3 b6 5. g3 Bb7 6. Bg2 O-O 7. O-O Bxc3 8.
bxc3 d6 9. Re1 Nbd7 10. Nh4 Bxg2 11. Nxg2 d5 12. Qd3 c6 13. f3 e5 14. cxd5 cxd5
15. Ba3 Re8 16. Rad1 e4 17. Qc2 b5 18. Ne3 Nb6 19. Bc5 Nc4 20. Nxc4 bxc4 21.
Qa4 h5 22. Kg2 Re6 23. Rb1 Qc8 24. Rf1 exf3+ 25. exf3 Re2+ 26. Rf2 Rxf2+ 27.
Kxf2 Qf5 28. Re1 Rb8 29. Bb4 a5 30. Qxa5 Ng4+ 0-1

[Event "?"]
[Site "?"]
[Date "2011.06.02"]
[Round "2.6"]
[White "Dobosz, Henryk"]
[Black "Bräuner, Uwe"]
[Result "1-0"]
[WhiteElo "2396"]
[BlackElo "2122"]
[PlyCount "60"]
[EventDate "2011.??.??"]
[WhiteTeam "BG Buchen"]
[BlackTeam "Erfurter SK"]

1. Nf3 Nf6 2. d4 d5 3. c4 c6 4. Nc3 e6 5. e3 Nbd7 6. Qc2 Bb4 7. Bd2 O-O 8. Bd3
Qe7 9. O-O b6 10. a3 Bd6 11. e4 dxc4 12. Bxc4 e5 13. h3 Bb7 14. Rfe1 Rac8 15.
Rad1 a6 16. Ba2 c5 17. dxe5 Nxe5 18. Nh4 Qc7 19. Nf5 c4 20. Bg5 Nd3 21. Bxf6
gxf6 22. Qe2 Bh2+ 23. Kh1 Qf4 24. Ne7+ Kh8 25. Rf1 Rc7 26. Ned5 Qe5 27. Nxc7
Nf4 28. Qf3 f5 29. Kxh2 fxe4 30. Qe3 Qxc7 1-0

[Event "?"]
[Site "?"]
[Date "2011.06.02"]
[Round "2.7"]
[White "Schulte, Torsten"]
[Black "Reich, Thomas"]
[Result "1/2-1/2"]
[WhiteElo "2146"]
[BlackElo "2381"]
[PlyCount "85"]
[EventDate "2011.??.??"]
[WhiteTeam "SC Eppingen"]
[BlackTeam "FC Bayern München e.V."]

1. d4 Nf6 2. c4 g6 3. Nc3 Bg7 4. g3 O-O 5. Bg2 d6 6. Nf3 Nc6 7. O-O Bf5 8. d5
Na5 9. Nd2 Ne8 10. e4 Bd7 11. Qc2 c6 12. Rb1 cxd5 13. exd5 Rc8 14. Qd3 Qc7 15.
b3 a6 16. Re1 Bf5 17. Nce4 Nf6 18. Bb2 Rfe8 19. Nxf6+ Bxf6 20. Ne4 Bxe4 21.
Rxe4 Bxb2 22. Rxb2 b5 23. Bf1 bxc4 24. bxc4 Nb7 25. Qe3 Nc5 26. Rh4 e5 27. dxe6
Rxe6 28. Qh6 f5 29. Rd4 Qg7 30. Qxg7+ Kxg7 31. Rb6 Rd8 32. Rc6 Rb8 33. Rdxd6
Rxd6 34. Rxd6 Rb2 35. Rc6 Ne4 36. Rxa6 Nxf2 37. c5 Ng4 38. h3 Ne5 39. Bg2 Rc2
40. c6 Rc1+ 41. Kh2 Rc2 42. Kg1 Rc1+ 43. Kh2 1/2-1/2

[Event "?"]
[Site "?"]
[Date "2011.06.02"]
[Round "2.8"]
[White "Strunski, Andreas"]
[Black "Arounopoulos, Stephan"]
[Result "1/2-1/2"]
[WhiteElo "2347"]
[BlackElo "2098"]
[PlyCount "78"]
[EventDate "2011.??.??"]
[WhiteTeam "Stuttgarter SF 1879"]
[BlackTeam "SK e4 Gerlingen"]

1. e4 e6 2. d4 d5 3. Nc3 Bb4 4. e5 c5 5. a3 Bxc3+ 6. bxc3 Ne7 7. Nf3 Bd7 8. h4
Ba4 9. h5 h6 10. Bd3 Nbc6 11. Rh4 c4 12. Be2 Kd7 13. Rf4 Qg8 14. Rb1 b6 15. Nh2
Rf8 16. Ng4 Kc7 17. Be3 Qh7 18. Kd2 Nf5 19. Rb2 b5 20. Qb1 a6 21. Qf1 Rb8 22.
Nh2 Nd8 23. g4 Ne7 24. Rf3 Qg8 25. Rg3 Qf8 26. Ra2 Ndc6 27. f4 f5 28. exf6 gxf6
29. Ra1 Qg8 30. f5 e5 31. dxe5 fxe5 32. g5 Rf8 33. f6 hxg5 34. Re1 d4 35. cxd4
c3+ 36. Kd1 Bxc2+ 37. Kxc2 Qa2+ 38. Kd3 Qc4+ 39. Kc2 Qa2+ 1/2-1/2

[Event "?"]
[Site "?"]
[Date "2011.06.02"]
[Round "2.9"]
[White "Braun, Georg"]
[Black "Graf, Felix"]
[Result "0-1"]
[WhiteElo "2121"]
[BlackElo "2318"]
[PlyCount "46"]
[EventDate "2011.??.??"]
[WhiteTeam "SK Bebenhausen 1992"]
[BlackTeam "FC Bayern München e.V."]

1. e4 e6 2. d4 d5 3. Nc3 h6 4. Bd3 Nc6 5. Nf3 Nb4 6. Be2 Nf6 7. e5 Ne4 8. a3
Nxc3 9. bxc3 Nc6 10. Bb5 Bd7 11. Bxc6 Bxc6 12. a4 Qd7 13. a5 Bb5 14. Ba3 Bxa3
15. Rxa3 O-O 16. Qd2 Rfc8 17. h4 Qe7 18. Rb3 Bc4 19. Rxb7 Qa3 20. Rb1 Rcb8 21.
Rc1 Rb2 22. Qe3 Rab8 23. Nd2 Rxc2 0-1

[Event "?"]
[Site "?"]
[Date "2011.06.02"]
[Round "2.10"]
[White "Gabriel, Josef"]
[Black "Kabisch, Thilo"]
[Result "0-1"]
[WhiteElo "2113"]
[BlackElo "2291"]
[PlyCount "208"]
[EventDate "2011.??.??"]
[WhiteTeam "Stuttgarter SF 1879"]
[BlackTeam "SK Schmiden/Cannstatt"]

1. e4 c5 2. Nf3 Nc6 3. d3 g6 4. g3 Bg7 5. Bg2 e6 6. O-O Nge7 7. Re1 O-O 8. h4
d5 9. e5 Nf5 10. c3 Bd7 11. Bf4 b5 12. Nbd2 b4 13. Nf1 Rb8 14. N1h2 Rb7 15. Qd2
h5 16. g4 hxg4 17. Nxg4 bxc3 18. bxc3 f6 19. exf6 Bxf6 20. Nxf6+ Qxf6 21. Bg5
Qg7 22. Rab1 Rfb8 23. Rxb7 Rxb7 24. Nh2 Ne5 25. d4 cxd4 26. cxd4 Nc4 27. Qc1
Qxd4 28. Rd1 Qb2 29. Ng4 Qxc1 30. Rxc1 Bc8 31. Nf6+ Kg7 32. Nxd5 exd5 33. Bxd5
Ncd6 34. Bxb7 Bxb7 35. Rc7+ Kf8 36. Bf4 Ke8 37. a4 a6 38. a5 Be4 39. Bg5 Nb7
40. Rc1 Kd7 41. Rc3 Nd4 42. Ra3 Kc6 43. Kh2 Kb5 44. Be3 Nf3+ 45. Kg3 Nxa5 46.
Kf4 Bc6 47. Ra1 Nb3 48. Ra3 Nbd4 49. Bxd4 Nxd4 50. Kg5 Nf3+ 51. Kxg6 Nxh4+ 52.
Kg5 Nf3+ 53. Kf4 a5 54. Ke3 a4 55. Ra1 Bd5 56. Kd3 Kb4 57. Ke3 a3 58. Kd3 Bc4+
59. Ke3 Nh4 60. Kd2 Ng2 61. Rb1+ Bb3 62. Rg1 a2 63. Ra1 Nf4 64. Ke3 Nd5+ 65.
Kd4 Ka3 66. Ke5 Kb2 67. Rxa2+ Bxa2 68. f4 Ne3 69. f5 Ng4+ 70. Kf4 Nh6 71. f6
Nf7 72. Ke4 Be6 73. Kd3 Kb3 74. Kd2 Kc4 75. Kc1 Kd4 76. Kd2 Ke5 77. Ke3 Kxf6
78. Kd4 Kf5 79. Kc3 Ke4 80. Kb2 Kd3 81. Ka1 Kc3 82. Kb1 Ne5 83. Ka1 Nd3 84. Kb1
Nb4 85. Ka1 Nc2+ 86. Kb1 Bd5 87. Kc1 Ba2 88. Kd1 Nd4 89. Ke1 Kd3 90. Kf2 Ne2
91. Kf3 Be6 92. Kf2 Bd5 93. Ke1 Ke3 94. Kf1 Nf4 95. Ke1 Bb3 96. Kf1 Bc2 97. Ke1
Ng2+ 98. Kf1 Kf3 99. Kg1 Kg3 100. Kf1 Bd3+ 101. Kg1 Be2 102. Kh1 Nf4 103. Kg1
Nh3+ 104. Kh1 Bf3# 0-1

[Event "?"]
[Site "?"]
[Date "2011.06.02"]
[Round "2.11"]
[White "Gustain, Marc"]
[Black "Neyman, Igor"]
[Result "0-1"]
[WhiteElo "2101"]
[BlackElo "2262"]
[PlyCount "82"]
[EventDate "2011.??.??"]
[WhiteTeam "SF Deizisau"]
[BlackTeam "SGem Vaihingen-Rohr"]

1. e4 c5 2. Nf3 e6 3. Nc3 Nc6 4. d4 cxd4 5. Nxd4 Nf6 6. Ndb5 Bb4 7. a3 Bxc3+ 8.
Nxc3 d5 9. exd5 exd5 10. Bd3 O-O 11. O-O d4 12. Ne2 Qd5 13. c4 dxc3 14. Nxc3
Qa5 15. Bf4 Bg4 16. Qb1 Nd4 17. b4 Qh5 18. f3 Be6 19. Re1 Rfd8 20. Be5 Qg5 21.
Bxd4 Rxd4 22. Ne4 Nxe4 23. Rxe4 Rd6 24. Re1 Rad8 25. Bf1 Rd4 26. Qc1 Qd5 27.
Qe3 h6 28. Rac1 b6 29. Rc3 a5 30. bxa5 bxa5 31. Qc1 Rd2 32. Rce3 Qd4 33. Qc3
Qh4 34. R3e2 Rxe2 35. Bxe2 a4 36. Rc1 Bb3 37. Bd3 Qe7 38. Ra1 Qe3+ 39. Kh1 Qxd3
40. Qe1 Qd1 41. Rxd1 Rxd1 0-1

[Event "?"]
[Site "?"]
[Date "2011.06.02"]
[Round "2.12"]
[White "Wagner, Florian"]
[Black "Zikeli, Saskia"]
[Result "1/2-1/2"]
[WhiteElo "2249"]
[BlackElo "2093"]
[PlyCount "107"]
[EventDate "2011.??.??"]
[WhiteTeam "SC Noris-Tarrasch Nürnberg 1873"]
[BlackTeam "SC Ingersheim e.V."]

1. g3 g6 2. Bg2 Bg7 3. d4 d6 4. e4 Nd7 5. Nc3 e5 6. Be3 Ne7 7. Nge2 O-O 8. Qd2
exd4 9. Bxd4 Ne5 10. b3 N7c6 11. Be3 Bh3 12. O-O Qd7 13. Bh6 Bxg2 14. Kxg2 f5
15. Bxg7 Kxg7 16. f4 Ng4 17. e5 Nb4 18. e6 Qc6+ 19. Kh3 Nxc2 20. Nd4 Nxd4 21.
Qxd4+ Nf6 22. Rae1 Qb6 23. Qd2 Rae8 24. Re2 Re7 25. Rfe1 Rfe8 26. Qb2 c6 27.
Na4 Qc7 28. Qd4 b6 29. b4 d5 30. Nc3 Qd6 31. Re5 Rxe6 32. a3 Kf7 33. b5 c5 34.
Qa4 Rxe5 35. fxe5 Rxe5 36. Rxe5 Qxe5 37. Qxa7+ Kg8 38. Na4 Qe2 39. Nxb6 Qf1+
40. Kh4 Qf3 41. Qb8+ Kg7 42. Qc7+ Kh6 43. Qf4+ Qxf4+ 44. gxf4 c4 45. Na4 Nd7
46. Nc3 Nb6 47. Ne2 Kg7 48. Kg3 Kf6 49. Kf3 Ke6 50. Ke3 Kd6 51. Kd4 Na4 52. h3
Nc5 53. Kc3 Nd3 54. Kd4 1/2-1/2

[Event "?"]
[Site "?"]
[Date "2011.06.02"]
[Round "2.13"]
[White "Imhof, Thomas"]
[Black "Schuh, Karsten"]
[Result "1/2-1/2"]
[WhiteElo "2082"]
[BlackElo "2249"]
[PlyCount "82"]
[EventDate "2011.??.??"]
[WhiteTeam "SGem Vaihingen-Rohr"]
[BlackTeam "SC Böblingen 1975 e.V."]

1. g3 f5 2. d4 Nf6 3. Bg2 g6 4. Nf3 Bg7 5. O-O O-O 6. c4 d6 7. Nc3 c6 8. b3 Na6
9. Bb2 Qc7 10. a3 e5 11. e3 e4 12. Nd2 Be6 13. b4 Qd7 14. b5 cxb5 15. cxb5 Nc7
16. a4 Rfc8 17. Ba3 Ncd5 18. Nxd5 Nxd5 19. Bb2 a6 20. bxa6 Rxa6 21. a5 Qb5 22.
Ba3 Bf8 23. Qb1 Qxa5 24. Nb3 Qa4 25. Bxd6 Qb5 26. Rxa6 bxa6 27. Bxf8 Kxf8 28.
Nc5 Bf7 29. Qa1 Nb4 30. Rb1 Bc4 31. Bf1 Bxf1 32. Rxf1 Nd3 33. Qxa6 Qxa6 34.
Nxa6 Rc2 35. Nc5 Nxc5 36. dxc5 Rxc5 37. Ra1 Kg7 38. h4 Rc7 39. Kg2 Kh6 40. Ra8
Rb7 41. Rc8 Ra7 1/2-1/2

[Event "?"]
[Site "?"]
[Date "2011.06.02"]
[Round "2.14"]
[White "Häcker, Alexander"]
[Black "Gheng, Simona"]
[Result "1/2-1/2"]
[WhiteElo "2249"]
[BlackElo "2052"]
[PlyCount "117"]
[EventDate "2011.??.??"]
[WhiteTeam "SV Stuttgart-Wolfbusch 1956 e.V."]

1. e4 c5 2. Nf3 d6 3. d4 cxd4 4. Nxd4 Nf6 5. Nc3 g6 6. Be3 Bg7 7. f3 Nc6 8. Qd2
O-O 9. O-O-O d5 10. exd5 Nxd5 11. Nxc6 bxc6 12. Bd4 e5 13. Bc5 Be6 14. Ne4 Re8
15. h4 Nb6 16. Qg5 Qxg5+ 17. hxg5 Bd5 18. Bd3 Nd7 19. Bf2 f5 20. gxf6 Nxf6 21.
Rhe1 Rad8 22. Nxf6+ Bxf6 23. c4 Be6 24. b3 Bf5 25. Bxf5 gxf5 26. Rxd8 Rxd8 27.
Rd1 Rxd1+ 28. Kxd1 a6 29. Kd2 Kf7 30. Ke2 h5 31. Be1 Ke6 32. Kd3 Kd6 33. Bb4+
c5 34. Bd2 Kc6 35. Ba5 Bh4 36. Bc3 Bg3 37. Ke2 Kb6 38. Bd2 Kc6 39. Be3 Bh4 40.
Bd2 Bg3 41. a3 Bh4 42. Bc3 Bg3 43. Bd2 Bh4 44. b4 Be7 45. Bc3 Bd6 46. Kf2 cxb4
47. axb4 h4 48. Ke2 Bc7 49. Kd3 Kd6 50. Be1 Bd8 51. Bf2 Kc6 52. Kc3 Be7 53. Kb3
Bg5 54. Ka4 e4 55. fxe4 fxe4 56. Be1 Bd8 57. Bf2 Bg5 58. Be1 Bd8 59. Bf2
1/2-1/2

[Event "?"]
[Site "?"]
[Date "2011.06.02"]
[Round "2.15"]
[White "Andraschko, Felix"]
[Black "Dudek, Richard"]
[Result "1/2-1/2"]
[WhiteElo "2071"]
[BlackElo "2238"]
[PlyCount "71"]
[EventDate "2011.??.??"]
[WhiteTeam "SC Leinfelden"]
[BlackTeam "SC Eppingen"]

1. d4 Nf6 2. c4 e6 3. g3 d5 4. Nf3 Be7 5. Bg2 O-O 6. O-O b6 7. cxd5 exd5 8. Nc3
Bb7 9. Bf4 Nbd7 10. Ne5 c5 11. Nc4 Qc8 12. Nd6 Bxd6 13. Bxd6 Re8 14. Rc1 c4 15.
b3 Qc6 16. Bf4 b5 17. a4 a6 18. bxc4 bxc4 19. a5 Qe6 20. Rb1 Bc6 21. Re1 Qf5
22. Qd2 h6 23. h4 Nf8 24. Be5 N8d7 25. Bf4 Nf8 26. Be5 Ne4 27. Nxe4 dxe4 28.
Qf4 Qxf4 29. Bxf4 Ne6 30. e3 Bd5 31. Bd6 Rec8 32. Bh3 Rc6 33. Bxe6 Rxd6 34.
Bxd5 Rxd5 35. Rec1 Rc8 36. Rb4 1/2-1/2

[Event "?"]
[Site "?"]
[Date "2011.06.02"]
[Round "2.16"]
[White "Nabavi, Parwis"]
[Black "Maisch, Julian"]
[Result "0-1"]
[WhiteElo "2226"]
[BlackElo "1913"]
[PlyCount "46"]
[EventDate "2011.??.??"]
[BlackTeam "SF 59 Kornwestheim"]

1. d4 Nf6 2. c4 g6 3. Nc3 d5 4. cxd5 Nxd5 5. e4 Nxc3 6. bxc3 Bg7 7. Nf3 O-O 8.
Be2 c5 9. Rb1 Qc7 10. Be3 Rd8 11. Qd2 Nc6 12. d5 b6 13. O-O Ne5 14. Nxe5 Qxe5
15. c4 Qxe4 16. Rfd1 Bf5 17. Rbc1 Qe5 18. Bf3 Rac8 19. Qe1 Qd6 20. Rd2 Be5 21.
g3 Qf6 22. g4 Bd7 23. Qd1 Qh4 0-1

[Event "?"]
[Site "?"]
[Date "2011.06.02"]
[Round "2.17"]
[White "Keller, Harald"]
[Black "Aring, Gerd"]
[Result "1/2-1/2"]
[WhiteElo "2071"]
[BlackElo "2205"]
[PlyCount "90"]
[EventDate "2011.??.??"]
[WhiteTeam "SV Rottweil"]
[BlackTeam "SV Nürtingen 1920"]

1. e4 c5 2. Nc3 Nc6 3. g3 g6 4. Bg2 Bg7 5. d3 Nf6 6. f4 d6 7. Nf3 O-O 8. O-O
Rb8 9. h3 b5 10. g4 b4 11. Ne2 e6 12. Ng3 Ne8 13. f5 Ne5 14. fxg6 hxg6 15. g5
d5 16. Bf4 Nxf3+ 17. Qxf3 e5 18. Be3 d4 19. Bd2 Nd6 20. b3 Be6 21. a4 Qd7 22.
Nh1 Kh7 23. Qg3 Rh8 24. Nf2 Kg8 25. Kh2 Kf8 26. Rh1 Ke7 27. Kg1 Rh7 28. Bf3
Rbh8 29. Ng4 Bxg4 30. Bxg4 Qe8 31. Kg2 Kd8 32. Raf1 Qe7 33. Rf3 Rf8 34. Rhf1
Bh8 35. Bc1 Ne8 36. Qf2 Ng7 37. Rg3 Ne6 38. Bxe6 Qxe6 39. Qf3 Bg7 40. Qg4 Qe7
41. Rgf3 Kc7 42. Bd2 Kd6 43. Bc1 Qe6 44. Qxe6+ Kxe6 45. Bd2 Rh5 1/2-1/2

[Event "?"]
[Site "?"]
[Date "2011.06.02"]
[Round "2.18"]
[White "Vaysberg, Alexander"]
[Black "Mayer, Christian"]
[Result "1-0"]
[WhiteElo "2203"]
[BlackElo "1851"]
[PlyCount "85"]
[EventDate "2011.??.??"]
[WhiteTeam "SC Gross-Sachsenheim"]
[BlackTeam "Stuttgarter SF 1879"]

1. e4 c6 2. d4 d5 3. exd5 cxd5 4. c4 Nf6 5. Nc3 e6 6. Nf3 Be7 7. Bd3 dxc4 8.
Bxc4 O-O 9. O-O Nc6 10. a3 Bd7 11. Qe2 Rc8 12. Rd1 Re8 13. Bf4 Na5 14. Ba2 Bc6
15. Ne5 Bd5 16. Nxd5 Nxd5 17. Bg3 Bf6 18. Rd3 Nc6 19. Re1 Re7 20. Qf3 Qb6 21.
Nc4 Qd8 22. Red1 Rd7 23. Ne5 Bxe5 24. dxe5 Nce7 25. Bh4 Qb6 26. Qg4 Ng6 27. Bg3
Re8 28. b4 a5 29. h4 Nge7 30. h5 h6 31. Bh4 Kh8 32. Rf3 Nf6 33. exf6 Rxd1+ 34.
Kh2 g5 35. hxg6 Nxg6 36. Qh5 Kh7 37. Bg5 Qd6+ 38. Rg3 Qf8 39. Qxd1 hxg5 40.
Rh3+ Nh4 41. Bb1+ Kg8 42. Rxh4 Rd8 43. Rh8+ 1-0

[Event "?"]
[Site "?"]
[Date "2011.06.02"]
[Round "2.19"]
[White "Jehle, Anja"]
[Black "Szenetra, Werner"]
[Result "1/2-1/2"]
[WhiteElo "1934"]
[BlackElo "2187"]
[PlyCount "62"]
[EventDate "2011.??.??"]
[WhiteTeam "SC Ingersheim e.V."]
[BlackTeam "SC Rastatt"]

1. d4 g6 2. c4 Bg7 3. Nc3 d6 4. e4 Nc6 5. Be3 e5 6. d5 Nce7 7. Qd2 f5 8. f3 Nf6
9. Bd3 O-O 10. Nge2 fxe4 11. Bxe4 Bf5 12. Ng3 a6 13. Bh6 Rf7 14. Qg5 Bxh6 15.
Qxh6 Qf8 16. Qxf8+ Raxf8 17. O-O h6 18. b4 Bxe4 19. Ngxe4 Nf5 20. Nxf6+ Rxf6
21. Rfe1 R6f7 22. Ne4 a5 23. a3 Ra8 24. c5 Kg7 25. b5 Nd4 26. Rab1 Rd8 27. a4
dxc5 28. Nxc5 Rxd5 29. Nxb7 c6 30. Nxa5 cxb5 31. axb5 Nxb5 1/2-1/2

[Event "?"]
[Site "?"]
[Date "2011.06.02"]
[Round "2.20"]
[White "Melzner, Lukas"]
[Black "Zeller, Elisa"]
[Result "1-0"]
[WhiteElo "2183"]
[BlackElo "1795"]
[PlyCount "87"]
[EventDate "2011.??.??"]
[WhiteTeam "SK Klosterlechfeld"]
[BlackTeam "SF 1876 Göppingen"]

1. c4 Nf6 2. Nc3 g6 3. g3 Bg7 4. Bg2 d6 5. e3 O-O 6. Nge2 c5 7. O-O Nc6 8. a3
Bd7 9. Rb1 a6 10. b4 cxb4 11. axb4 Rb8 12. b5 Ne5 13. d3 axb5 14. f4 Nc6 15.
Nxb5 Ne8 16. Nec3 Nc7 17. Nxc7 Qxc7 18. Nd5 Qd8 19. Ba3 Qa5 20. Qb3 Rfe8 21.
Rf2 Qd8 22. Ra2 b5 23. cxb5 Na5 24. Qa4 Ra8 25. Bb4 Nb7 26. Qxa8 Qxa8 27. Rxa8
Rxa8 28. Nxe7+ Kf8 29. Bxb7 Rb8 30. Nxg6+ Kg8 31. Ne7+ Kf8 32. Bxd6 Rxb7 33.
Nf5+ Kg8 34. Nxg7 Kxg7 35. b6 Ba4 36. Rb4 Bc6 37. Bc7 Kf8 38. d4 Ke7 39. Rc4
Kd7 40. Rxc6 Kxc6 41. e4 f6 42. g4 h6 43. h4 Kd7 44. d5 1-0

[Event "?"]
[Site "?"]
[Date "2011.06.02"]
[Round "2.21"]
[White "Holzhäuer, Mathias"]
[Black "Boyard, Marie"]
[Result "1-0"]
[WhiteElo "2297"]
[BlackElo "1989"]
[PlyCount "103"]
[EventDate "2011.??.??"]
[WhiteTeam "SK Schmiden/Cannstatt"]

1. e4 e5 2. Nf3 Nc6 3. Bb5 f5 4. d3 fxe4 5. dxe4 d6 6. O-O Nf6 7. Qd3 a6 8.
Bxc6+ bxc6 9. Qc4 Bd7 10. Nc3 Qe7 11. Qb3 Bc8 12. Qc4 Bd7 13. Bd2 g6 14. Ng5 h6
15. Nh3 g5 16. f3 d5 17. exd5 Qc5+ 18. Qxc5 Bxc5+ 19. Nf2 cxd5 20. Rae1 Bd4 21.
Ne2 Bxf2+ 22. Rxf2 Kf7 23. Ng3 Rhe8 24. Rfe2 e4 25. fxe4 dxe4 26. Nxe4 Nxe4 27.
Rxe4 Rxe4 28. Rxe4 Re8 29. Rxe8 Bxe8 30. h4 Kf6 31. hxg5+ hxg5 32. Ba5 c6 33.
Bd8+ Kf5 34. Kf2 Bf7 35. a3 Bd5 36. g3 Be4 37. c3 g4 38. Ke3 Bf3 39. Kd4 Ke6
40. Kc5 Kd7 41. Ba5 Bd1 42. Kb6 Be2 43. Bb4 Bc4 44. a4 Bb3 45. a5 Bc4 46. Bc5
Bd3 47. Be3 Bc4 48. Bf4 Bb5 49. b3 Bd3 50. c4 Bc2 51. Kxa6 Bxb3 52. c5 1-0

[Event "?"]
[Site "?"]
[Date "2011.06.02"]
[Round "2.22"]
[White "Günthner, Oliver"]
[Black "Mock, Oskar"]
[Result "1-0"]
[WhiteElo "2276"]
[BlackElo "1993"]
[PlyCount "107"]
[EventDate "2011.??.??"]
[WhiteTeam "SK Neuhausen"]
[BlackTeam "Stuttgarter SF 1879"]

1. c4 e5 2. Nc3 Nc6 3. g3 Nf6 4. Bg2 Bb4 5. Nd5 Nxd5 6. cxd5 Ne7 7. e3 Bc5 8.
Ne2 O-O 9. d4 exd4 10. Nxd4 c6 11. Nb3 Bb4+ 12. Bd2 Qb6 13. Bxb4 Qxb4+ 14. Qd2
Nxd5 15. Bxd5 Qxd2+ 16. Kxd2 cxd5 17. Rac1 d6 18. Nd4 a6 19. Rc7 Re8 20. h4 Kf8
21. Rhc1 Rb8 22. R1c3 Rd8 23. Nb3 Bd7 24. Na5 b6 25. Nc6 Bxc6 26. R3xc6 Ke8 27.
Ra7 Rd7 28. Rxa6 b5 29. Rxd6 Ke7 30. Rxd7+ Kxd7 31. Kd3 b4 32. g4 Ke7 33. f3
Rb5 34. Kd4 h6 35. h5 f5 36. gxf5 Kf7 37. e4 dxe4 38. fxe4 Rb7 39. Ke5 Ke7 40.
b3 Kf7 41. Kf4 Ke7 42. Rg6 Kf8 43. e5 Rd7 44. f6 gxf6 45. Rxf6+ Kg7 46. Rg6+
Kh7 47. Kf5 Rd2 48. Rg4 Rxa2 49. e6 Ra5+ 50. Kf6 Rb5 51. e7 Rb6+ 52. Kf7 Rb7
53. Kf8 Rb5 54. e8=Q 1-0

[Event "?"]
[Site "?"]
[Date "2011.06.02"]
[Round "2.23"]
[White "Schiff, Armin"]
[Black "Mendzigall, Martin"]
[Result "1-0"]
[WhiteElo "2160"]
[BlackElo "1928"]
[PlyCount "45"]
[EventDate "2011.??.??"]
[WhiteTeam "SC Reti Heusweiler"]
[BlackTeam "SC Mühlacker 1923 e.V."]

1. d4 Nf6 2. g3 d6 3. Bg2 g6 4. Bg5 Bg7 5. c3 Nbd7 6. Nd2 h6 7. Bxf6 Bxf6 8. e4
c5 9. Ne2 cxd4 10. Nxd4 O-O 11. O-O Qb6 12. Nc4 Qc7 13. Ne3 Bg7 14. Qd2 a6 15.
Kh1 Nf6 16. f4 Rb8 17. Rae1 e5 18. Ndc2 exf4 19. Rxf4 b5 20. Rd1 Nh5 21. Rf2
Rd8 22. g4 Nf6 23. Rxf6 1-0

[Event "?"]
[Site "?"]
[Date "2011.06.02"]
[Round "2.24"]
[White "Reder, Erik"]
[Black "Haag, Ulrich"]
[Result "0-1"]
[WhiteElo "1920"]
[BlackElo "2155"]
[PlyCount "102"]
[EventDate "2011.??.??"]
[WhiteTeam "SK e4 Gerlingen"]
[BlackTeam "SV Backnang"]

1. c4 c6 2. g3 d5 3. Bg2 Nf6 4. d4 Bf5 5. Nc3 e6 6. Nf3 Nbd7 7. O-O h6 8. b3
Be7 9. h3 O-O 10. Nd2 Bb4 11. Bb2 Qa5 12. Rc1 Bg6 13. a3 Bxc3 14. Rxc3 b5 15.
b4 Qb6 16. c5 Qc7 17. Re1 a5 18. e4 axb4 19. axb4 dxe4 20. Nxe4 Nxe4 21. Bxe4
Bxe4 22. Rxe4 Nf6 23. Rh4 Nd5 24. Rb3 Qe7 25. Re4 Ra2 26. Qe1 Rfa8 27. f4 Qf6
28. Re5 Qg6 29. Re4 Nf6 30. Re2 Qf5 31. Kh2 Qd5 32. Rbe3 Qc4 33. d5 Nxd5 34.
Re4 Qb3 35. Be5 R8a3 36. Rxa2 Rxa2+ 37. Re2 Nxb4 38. Rxa2 Qxa2+ 39. Kg1 Nd3 40.
Qe3 Qb1+ 41. Kg2 Qc2+ 42. Kf3 Nxe5+ 43. Qxe5 Qd1+ 44. Kf2 Qd5 45. Qb8+ Kh7 46.
Qd6 b4 47. Ke3 Qg2 48. Qd3+ f5 49. Qc4 Qxg3+ 50. Kd2 Qg2+ 51. Kc1 Qe4 0-1

[Event "?"]
[Site "?"]
[Date "2011.06.02"]
[Round "2.25"]
[White "Bräunlin, Klaus"]
[Black "Baskin, Robert"]
[Result "1/2-1/2"]
[WhiteElo "2147"]
[BlackElo "1940"]
[PlyCount "108"]
[EventDate "2011.??.??"]
[WhiteTeam "SV Trossingen"]
[BlackTeam "SAbt TuS Makkabi Ffm"]

1. e4 c5 2. Nf3 d6 3. Bb5+ Bd7 4. Bxd7+ Qxd7 5. c4 Nc6 6. d4 cxd4 7. Nxd4 Nf6
8. Nc3 e6 9. O-O Be7 10. h3 O-O 11. b3 Rac8 12. Be3 Rfe8 13. Qd2 Nxd4 14. Bxd4
Qc6 15. f3 a6 16. Rac1 Nd7 17. Qf2 Bf6 18. Bxf6 Nxf6 19. Ne2 Qc7 20. g4 Qa5 21.
Nf4 Qg5 22. Ng2 Qc5 23. Rcd1 Red8 24. Qxc5 dxc5 25. e5 Nd7 26. f4 g5 27. Rd6
Nb8 28. Rfd1 Rxd6 29. Rxd6 Nc6 30. fxg5 Nxe5 31. Kf2 Kf8 32. Ke3 Ke7 33. Rd2
Rd8 34. Rxd8 Kxd8 35. Ke4 Nc6 36. Nf4 Ke7 37. Nh5 b6 38. Nf6 h6 39. Ng8+ Kf8
40. Nxh6 Kg7 41. h4 b5 42. Nf5+ exf5+ 43. gxf5 Nb4 44. h5 Nxa2 45. f6+ Kg8 46.
Kd5 Nc1 47. cxb5 axb5 48. Kxc5 Nxb3+ 49. Kxb5 Nd4+ 50. Kc5 Nf3 51. g6 fxg6 52.
hxg6 Ne5 53. Kd5 Nxg6 54. Ke6 Nh8 1/2-1/2

[Event "?"]
[Site "?"]
[Date "2011.06.02"]
[Round "2.26"]
[White "Töws, Manuel"]
[Black "Bodrozic, Tomislav"]
[Result "0-1"]
[WhiteElo "1938"]
[BlackElo "2104"]
[PlyCount "66"]
[EventDate "2011.??.??"]
[WhiteTeam "BG Buchen"]
[BlackTeam "SF Birkenfeld"]

1. e4 c5 2. Nf3 d6 3. d4 cxd4 4. Nxd4 Nf6 5. Nc3 a6 6. Bg5 Nbd7 7. f4 Qc7 8.
Qf3 h6 9. Bh4 g5 10. fxg5 hxg5 11. Bxg5 Qc5 12. Bxf6 Nxf6 13. Nf5 e6 14. Ng3
Nd7 15. O-O-O Ne5 16. Qe2 b5 17. Qe1 Ng4 18. e5 d5 19. Be2 Nf2 20. Rf1 Nxd1 21.
Qxd1 Bd7 22. Bh5 O-O-O 23. Bxf7 Qe3+ 24. Kb1 Qxe5 25. Re1 Qd6 26. Nh5 Be7 27.
Ng7 b4 28. Ne2 Rh7 29. Qd4 e5 30. Qa7 Rxg7 31. Qa8+ Qb8 32. Qxd5 Qb7 33. Qc4+
Qc6 0-1